Yaaba = Yaaba /

Tallennettuna:
Bibliografiset tiedot
Päätekijä: Ouedraogo, Idrissa (realización)
Muut tekijät: Ouedraogo, Idrissa (guión) (guión), Kälin, Matthias (fotógrafo) (fotógrafo), Sidibé, Mariam (vestuario) (vestuario), Cristelli, Loredana (montaje) (montaje), Bebey, Francis (música) (música), Sanga, Fatimata (actuación) (actuación), Ouedraogo, Noufou (actuación) (actuación), Barry, Roukietou (actuación) (actuación), Diop Mambéty, Djibril (realización) (realización), Duverger, Michel (fotógrafo) (fotógrafo), Thombiano, Issaka (fotógrafo) (fotógrafo), Rogeon, Chantal (montaje) (montaje), Brun, Martine (montaje) (montaje)
Aineistotyyppi: Dia
Julkaistu: París, Francia : Uagadugu, Burkina Faso : Zurich, Suiza : Arcadia Films ; Les Films de l'Avenir ; Thelma Film, 1989, c1989
Senegal : Maag Daan, 1989, c1989
Sarja:(Trigon-Film ; 58)
Aiheet:
Tagit: Lisää tagi
Ei tageja, Lisää ensimmäinen tagi!

MARC

LEADER 00000ngm^a2200000^a^4500
001 000416777
005 20251020000000.0
009 20260310122333.461
037 |a Acervo ITESO - Biblioteca 
041 |a OTR 
082 |a 896.  |b OUE 
100 |a Ouedraogo, Idrissa  |e (realización) 
240 1 4 |a [La abuela, de Idrissa Ouedraogo] 
245 1 0 |a Yaaba =  |b Yaaba /  |c Realización de I. Ouedraogo. 
246 2 |a Título en México: La abuela 
264 4 |a París, Francia :  |b Arcadia Films ;  |a Uagadugu, Burkina Faso :  |b Les Films de l'Avenir ;  |a Zurich, Suiza :  |b Thelma Film,  |c 1989, c1989 
264 4 |a Senegal :  |b Maag Daan,  |c 1989, c1989 
264 2 |a Ennetbaden, Suiza :  |b Trigon-Film [distribución],  |c 2007, c2007 
300 |a 1 DVD multirregión PAL (86, 33 min.) :  |b color +  |e 1 lámina 
336 |a imagen móvil bidimensional  |b tdi  |2 rdacontenido 
337 |a video  |b v  |2 rdamedio 
338 |a videodisco  |b vd  |2 rdasoporte 
440 1 |a (Trigon-Film ;  |v 58) 
546 |a En mossi, con subtítulos opcionales: alemán, francés, inglés, italiano 
546 |a En wolof, sin subtítulos 
649 |a XX 
650 |a Cineastas de Burkina-Faso 
650 |a Abuelos en el Cine 
650 |a Ancianos en el Cine 
650 |a Curanderos en el Cine 
650 |a Marginados Sociales en el Cine 
650 |a Niños en el Cine 
650 |a Mujeres en el Cine 
650 |a Parábolas 
650 |a Dramas Cinematográficos 
650 |a Making Of (Documentales detrás de Cámaras) 
650 |a Documentales 
650 |a Cortometrajes y Mediometrajes Senegaleses 
650 |a Cine en Mossi -  |z Burkina Faso 
650 |a Cine de Burkina Faso -  |y 1980-1989 
650 |a Cine de Burkina Faso -  |y Siglo XX 
650 |a Cine de Burkina Faso -  |x Historia y Crítica 
650 |a Cine Senegalés -  |y 1980-1989 
650 |a Cine Senegalés -  |y Siglo XX 
650 |a Cine Africano -  |y 1980-1989 
650 |a Cine Africano -  |y Siglo XX 
650 |a Cine Africano -  |x Historia y Crítica 
650 |a Marginación 
650 |a Prejuicio 
650 |a Educación Sentimental -  |x Tema Principal 
650 |a Desarrollo Moral -  |x Tema Principal 
650 |a Medicina Popular -  |z Burkina Faso 
650 |a Prácticas Culturales -  |z Burkina Faso 
650 |a Cultura Rural -  |z Burkina Faso 
650 |a Zonas Rurales en el Cine 
650 |a Zonas Rurales -  |z Burkina Faso -  |x Condiciones Sociales y Culturales 
650 |a Ouedraogo, Idrissa 
700 |a Ouedraogo, Idrissa  |e (guión) 
700 |a Kälin, Matthias  |e (fotógrafo) 
700 |a Sidibé, Mariam  |e (vestuario) 
700 |a Cristelli, Loredana  |e (montaje) 
700 |a Bebey, Francis  |e (música) 
700 |a Sanga, Fatimata  |e (actuación) 
700 |a Ouedraogo, Noufou  |e (actuación) 
700 |a Barry, Roukietou  |e (actuación) 
700 |a Diop Mambéty, Djibril  |e (realización) 
700 |a Duverger, Michel  |e (fotógrafo) 
700 |a Thombiano, Issaka  |e (fotógrafo) 
700 |a Rogeon, Chantal  |e (montaje) 
700 |a Brun, Martine  |e (montaje) 
740 0 |a Parlosn grand-mère /  |c Realización de D. Diop Mambéty. 
910 |a Fondo General 
920 |a Audiovisuales - DVDs 
940 |a Películas 
905 |a 308 
901 |a 0500318107  |b IT2  |c DVR  |i C167285  |u 20250521 
901 |a 0500318108  |b IT2  |c MIN  |i C167286  |u 20251020 
902 |a https://opac.biblio.iteso.mx/vufind/Record/000416777